|
|
|
|
| LEADER |
00000nab a2200000 ar4500 |
| 001 |
vtls011578815 |
| 003 |
SK-MaSNL |
| 005 |
20260305010150.0 |
| 008 |
160909c20150407xo mr|p|||||||000 b|slo |
| 038 |
|
|
|a SNSK
|
| 040 |
|
|
|b slo
|c SNSK
|e AACR2
|
| 041 |
|
|
|a slo
|
| 044 |
|
|
|a xo
|c SK
|
| 080 |
|
|
|a 069-027.555
|x (437.672.121.142)
|2 2011
|
| 080 |
|
|
|a 069.444
|2 2011
|
| 245 |
0 |
0 |
|a Do Múzea Spiša sa návštevníci nedostanú
|c [autor] (sita)
|
| 610 |
2 |
7 |
|a Múzeum Spiša
|2 snsk
|9 31483
|
| 650 |
0 |
7 |
|a Opravy a rekonštrukcie
|2 snsk
|9 1044953
|
| 651 |
|
7 |
|a Spišská Nová Ves (Slovensko)
|2 snsk
|9 28800
|
| 773 |
0 |
|
|t Spišskonovoveský Korzár
|g Roč. IV., č. 14 (7.4.2015), s. 4
|x 1338-841X
|
| 852 |
|
|
|a SNSK
|b KIS3GCP
|
| 999 |
|
|
|c 3245046
|d 3246976
|